Spell the Marvel Character #286 - Statistics

General Stats
  • This quiz has been taken 10 times
  • The average score is 5 of 6
Answer Stats
Picture Answer % Correct
Ms. Marvel
100%
Havok
90%
Polaris
90%
Morph
80%
Outlaw
70%
Rachel Summers
60%
No matching quizzes found
Score Distribution
Percent of People with Each Score
Percentile by Number Answered
Your Score History
You have not taken this quiz